| 000 | 01524nam a2200385 a 4500 | ||
|---|---|---|---|
| 001 | ebr10236729 | ||
| 003 | CaPaEBR | ||
| 006 | m u | ||
| 007 | cr cn||||||||| | ||
| 008 | 070306s2007 dcu sb 001 0 eng d | ||
| 010 | _z 2007007016 | ||
| 020 | _z9781589011854 (hardcover : alk. paper) | ||
| 020 | _z9781589011847 (pbk. : alk. paper) | ||
| 020 | _z1589011848 (pbk) | ||
| 020 | _z1589011856 (cloth) | ||
| 040 |
_aCaPaEBR _cCaPaEBR |
||
| 035 | _a(OCoLC)290559143 | ||
| 050 | 1 | 4 |
_aBP173.63 _b.O3 2007eb |
| 082 | 0 | 4 |
_a297.2/72 _222 |
| 100 | 1 | _aOh, Irene. | |
| 245 | 1 | 4 |
_aThe rights of God _h[electronic resource] : _bIslam, human rights, and comparative ethics / _cIrene Oh. |
| 246 | 3 | 0 | _aIslam, human rights, and comparative ethics |
| 260 |
_aWashington, D.C. : _bGeorgetown University Press, _c2007. |
||
| 300 | _avii, 158 p. | ||
| 490 | 1 | _aAdvancing human rights series | |
| 504 | _aIncludes bibliographical references (p. 145 -150 ) and index. | ||
| 533 |
_aElectronic reproduction. _bPalo Alto, Calif. : _cebrary, _d2013. _nAvailable via World Wide Web. _nAccess may be limited to ebrary affiliated libraries. |
||
| 650 | 0 | _aIslam and civil society. | |
| 650 | 0 |
_aHuman rights _xReligious aspects _xIslam. |
|
| 650 | 0 | _aIslam and humanism. | |
| 655 | 7 |
_aElectronic books. _2local |
|
| 710 | 2 | _aebrary, Inc. | |
| 830 | 0 | _aAdvancing human rights series. | |
| 856 | 4 | 0 |
_uhttp://site.ebrary.com/lib/rucke/Doc?id=10236729 _zAn electronic book accessible through the World Wide Web; click to view |
| 999 |
_c37014 _d37014 |
||